000 01355nam a2200349Ia 4500
001 ebr10314241
003 CaPaEBR
006 m u
007 cr cn|||||||||
008 040707s2005 maua sb 001 0 eng d
010 _z 2004051133
020 _z9780674024090
020 _z0674015363 (alk. paper)
040 _aCaPaEBR
_cCaPaEBR
035 _a(OCoLC)438732454
050 1 4 _aPS169.E48
_bN45 2005eb
100 1 _aNgai, Sianne.
245 1 0 _aUgly feelings
_h[electronic resource] /
_cSianne Ngai.
260 _aCambridge, MA :
_bHarvard University Press,
_c2005.
300 _aviii, 422 p. :
_bill.
504 _aIncludes bibliographical references (p. 357-405) and index.
533 _aElectronic reproduction.
_bPalo Alto, Calif. :
_cebrary,
_d2009.
_nAvailable via World Wide Web.
_nAccess may be limited to ebrary affiliated libraries.
650 0 _aAmerican literature
_xHistory and criticism.
650 0 _aEmotions in literature.
650 0 _aPsychological fiction, American
_xHistory and criticism.
650 0 _aNegativism in literature.
650 0 _aSex role in literature.
650 0 _aRace in literature.
655 7 _aElectronic books.
_2local
710 2 _aebrary, Inc.
856 4 0 _uhttp://site.ebrary.com/lib/rucke/Doc?id=10314241
_zAn electronic book accessible through the World Wide Web; click to view
999 _c165914
_d165914